| 000 | nam a22 a 4500 | ||
|---|---|---|---|
| 999 |
_c57136 _d57136 |
||
| 003 | BLK | ||
| 005 | 20220706164953.0 | ||
| 008 | 180408b bul|||||r ||||||| ||bul|| | ||
| 010 | _aKNG00061126000 | ||
| 040 | _aBLK | ||
| 041 |
_aBUL _cBUL |
||
| 080 |
_aНервна дейност - Електрофизиология, чувства, таксиси, способност за ориентация, химическа рецепция, светлочувствителност, хипноза, инстинкти и др. Вж и 152.9 _b591.18 _z591.18 |
||
| 100 | 1 |
_aМилн, Лорус _eпърви автор _9287369 |
|
| 139 |
_aМилн, Лорус _bМ 60 |
||
| 245 | 1 | 0 |
_aСетива на животните _bНаучнопопул. очерк _cЛорус Милн, Марджъри Милн ; прев. от англ. Борис Дамянов. |
| 257 | _aGBR | ||
| 260 |
_aСофия _bЗемиздат _c1970 _fХасково : Ат. Стратиев |
||
| 300 |
_a243 с. _bс ил. _c23 см |
||
| 380 | _a5 | ||
| 500 | _aОриг. загл. The Sensis of Animals. | ||
| 650 | 4 |
_aЖивотни _9155466 |
|
| 650 | 4 |
_aСетивни органи _9243236 |
|
| 653 | _aживотни | ||
| 653 | _aсетива | ||
| 700 | 1 |
_aМилн, Марджъри _eсъавт. _9287370 |
|
| 700 | 1 |
_aДамянов, Борис _eпрев. от англ. _9363469 |
|
| 852 |
_aЦб 55410 _bЦб |
||
| 942 |
_cKNG _n0 _s1 |
||
| 944 |
_aCR _c13.06.2004 _kМилена_Ачева |
||
| 944 |
_aED _c2022-07-06 _kКети |
||
| 999 | _d57136 | ||